000 00552nam a2200193Ia 4500
003 GCL
008 140319s9999 xx 000 0 ara d
040 _aGCL /
_cGCL
082 0 4 _aط
_b793.732
_bس ع
100 1 _aسوفنير
245 1 0 _aشبكات برج الحمام /
_cسوفنير
260 _a[S.N] :
_bسوفنير بوك هاوس
300 _a80
490 _aعالم الكلمات المتقاطعة
_v0
650 0 4 _aالترفيه
650 0 4 _aالتسالى
650 0 4 _aالكلمات المتقاطعة
942 _2ddc
_cBK
999 _c58204
_d58204